000 00636nam a2200205Ia 4500
008 220216s9999 xx 000 0 und d
100 _aGopalakrishnan J
245 0 _aInositols from Hevea brasiliensis: Isolation of L-quebrachitol and studies on its extraction from different latex serum sources
260 _bJournal of Microbial and Biochemical Technology
_c2011
650 _aHevea brasiliensis
650 _aInositols
650 _aLAtex serum
650 _aL-quebrachitol
700 _aAbraham P.A
700 _aAnnamalainathan K
700 _aJacob J
700 _aKrishnakumar R
700 _aThomas M
942 _cBS
999 _c50519
_d50519